• 首页
  • 本馆介绍
  • 公告通知
  • 最新文献
  • 馆藏检索
  • 电子资源
  • 读者导购
  • 参考咨询
  • 我的图书馆
  • 登录
  • 详细信息显示
  • 放入我的书架
  • 预约/预借图书
  • 作者相关作品
  • 分类相关作品
  • 丛书相关作品
  • 出版社相关作品

书目信息

  • 表格格式
  • 工作单格式
  • 卡片格式
题名:
华梵汇流
    
 
作者: 尹锡南, 著
分册:  
出版信息: 北京   中央编译出版社  2014.10
页数: 367页, [1] 叶图版
开本: 23cm
丛书名: 比较文学与世界文学名家讲堂
单 册:
中图分类: I206 , I351.06
科图分类:
主题词: 比较文学--bi jiao wen xue--文学研究--中国--印度
电子资源:
ISBN: 978-7-5117-2315-4
000 01176nam 2200277 450
001 2374962593
005 20231126204935.07
010    @a978-7-5117-2315-4@dCNY68.00
100    @a20141212d2014 em y0chiy50 ea
101 0  @achi
102    @aCN@b110000
105    @aaf a 000yy
200 1  @a华梵汇流@Ahua fan hui liu@e尹锡南教授讲印度文学与中印文学关系@f尹锡南著
210    @a北京@c中央编译出版社@d2014.10
215    @a367页, [1] 叶图版@c图@d23cm
225 2  @a比较文学与世界文学名家讲堂@Abi jiao wen xue yu shi jie wen xue ming jia jiang tang
320    @a有书目
330    @a本书主要涉及印度文学和文论研究、中印文学与文化关系研究 (包括泰戈尔与中国) 等两大重要领域。并集中探讨了当代印度作家笔下的中国形象及印度文论的跨文化传播现象, 且对印度中国学起源和发展进行了简略的历史梳理。
410  0 @12001 @a比较文学与世界文学名家讲堂
517 1  @a尹锡南教授讲印度文学与中印文学关系@Ayin xi nan jiao shou jiang yin du wen xue yu zhong yin wen xue guan xi
606 0  @a比较文学@Abi jiao wen xue@x文学研究@y中国@y印度
690    @aI206@v5
690    @aI351.06@v5
701  0 @a尹锡南,@Ayin xi nan@f1966-@4著
801  0 @aCN@b人天书店@c20141212
905    @aBZT@dI206@e15
    
    华梵汇流:尹锡南教授讲印度文学与中印文学关系/尹锡南著.-北京:中央编译出版社,2014.10
    367页, [1] 叶图版:图;23cm.-(比较文学与世界文学名家讲堂)
    
    
    ISBN 978-7-5117-2315-4:CNY68.00
    本书主要涉及印度文学和文论研究、中印文学与文化关系研究 (包括泰戈尔与中国) 等两大重要领域。并集中探讨了当代印度作家笔下的中国形象及印度文论的跨文化传播现象, 且对印度中国学起源和发展进行了简略的历史梳理。
●
相关链接 在五车中查询图书 在当当中查询图书 在豆瓣中查询图书


正题名:华梵汇流     索取号:I206/15         预约/预借

序号 登录号 条形码 馆藏地/架位号 状态 备注
1 2001115407   2001115407   共建书房-机电学院/ [索取号:I206/15] 在馆    
2 2001115408   2001115408   515书库/ [索取号:I206/15] 在馆    
3 2001115409   2001115409   515书库/ [索取号:I206/15] 在馆    
4 2001115410   2001115410   515书库/ [索取号:I206/15] 在馆    
5 2001115411   2001115411   515书库/ [索取号:I206/15] 在馆    
6 2001115412   2001115412   515书库/ [索取号:I206/15] 在馆    
7 2001115413   2001115413   共建书房-机电学院/ [索取号:I206/15] 在馆    
8 2001115414   2001115414   共建书房-机电学院/ [索取号:I206/15] 在馆    
9 2001115415   2001115415   共建书房-机电学院/ [索取号:I206/15] 在馆    
10 2001115416   2001115416   共建书房-机电学院/ [索取号:I206/15] 在馆    
11 2001115417   2001115417   共建书房-机电学院/ [索取号:I206/15] 在馆    
12 2001115418   2001115418   515书库/ [索取号:I206/15] 在馆    
13 2001115419   2001115419   515书库/ [索取号:I206/15] 在馆    
14 2001115420   2001115420   共建书房-机电学院/ [索取号:I206/15] 在馆    
15 2001115421   2001115421   共建书房-机电学院/ [索取号:I206/15] 在馆    
16 2001115422   2001115422   515书库/ [索取号:I206/15] 在馆    
17 2001115423   2001115423   515书库/ [索取号:I206/15] 在馆    
18 2001115424   2001115424   共建书房-机电学院/ [索取号:I206/15] 在馆    
19 2001115425   2001115425   共建书房-机电学院/ [索取号:I206/15] 在馆    
20 2001115426   2001115426   515书库/ [索取号:I206/15] 在馆    
21 2001115427   2001115427   515书库/ [索取号:I206/15] 在馆    
22 2001115428   2001115428   515书库/ [索取号:I206/15] 在馆    
23 2001115429   2001115429   515书库/ [索取号:I206/15] 在馆    
24 2001115430   2001115430   515书库/ [索取号:I206/15] 在馆    
25 2001115431   2001115431   515书库/ [索取号:I206/15] 在馆    
26 2001115432   2001115432   共建书房-机电学院/ [索取号:I206/15] 在馆    
27 2001115433   2001115433   515书库/ [索取号:I206/15] 在馆    
28 2001115434   2001115434   515书库/ [索取号:I206/15] 在馆    
29 2001115435   2001115435   515书库/ [索取号:I206/15] 在馆    
30 2001115436   2001115436   515书库/ [索取号:I206/15] 在馆    
山东省滨州职业学院图书馆 欢迎您!
大连网信软件有限公司© 版权所有